Gentrification 'causes profound social harm' (Record no. 70488)

MARC details
000 -LEADER
fixed length control field 01000cam a2200217 4500
001 - CONTROL NUMBER
control field WB3822-11
008 - FIXED-LENGTH DATA ELEMENTS--GENERAL INFORMATION
fixed length control field 020617n2002 000 0 eng u
035 ## - SYSTEM CONTROL NUMBER
System control number (Sirsi) u118426
245 ## - TITLE STATEMENT
Title Gentrification 'causes profound social harm'
260 ## - PUBLICATION, DISTRIBUTION, ETC.
Date of publication, distribution, etc. 2002
490 ## - SERIES STATEMENT
Series statement Urban Environment Today
Volume/sequential designation (149) 13 June 2002, (1)
520 ## - SUMMARY, ETC.
Summary, etc. University of Glasgow study argues that gentrification of neighbourhoods consisting of upwardly mobile classes taking over previously deprived neighbourhoods causes more problems than benefits. Costs include, community conflict and poorer residents being pushed out of areas due to rising rents and house prices. Does Gentrification help of harm urban neighbourhoods: http://www.neighbourhoodcentre.org.uk/research/cnrpaperspdf/cnr5sum.pdf
590 ## - LOCAL NOTE (RLIN)
Local note WB
650 ## - SUBJECT ADDED ENTRY--TOPICAL TERM
Topical term or geographic name entry element GENTRIFICATION
650 ## - SUBJECT ADDED ENTRY--TOPICAL TERM
Topical term or geographic name entry element DEPRIVED AREAS
650 ## - SUBJECT ADDED ENTRY--TOPICAL TERM
Topical term or geographic name entry element UNIVERSITY OF GLASGOW
650 ## - SUBJECT ADDED ENTRY--TOPICAL TERM
Topical term or geographic name entry element GREATER LONDON
650 ## - SUBJECT ADDED ENTRY--TOPICAL TERM
Topical term or geographic name entry element SOCIAL COSTS
690 ## - LOCAL SUBJECT ADDED ENTRY--TOPICAL TERM (OCLC, RLIN)
Topical term or geographic name as entry element HOUSING-DEVELOPMENT
942 ## - ADDED ENTRY ELEMENTS (KOHA)
Suppress in OPAC 0
Holdings
Withdrawn status Lost status Source of classification or shelving scheme Damaged status Not for loan Home library Current library Shelving location Date acquired Total Checkouts Full call number Barcode Date last seen Copy number Price effective from Koha item type
    Dewey Decimal Classification     London London News article 17/06/2002   WB3822-11 118426-1001 06/08/2019 1 06/08/2019 News article